| 000 | 00580nam a2200181 i 4500 | ||
|---|---|---|---|
| 001 | 149475 | ||
| 003 | ES-MaACL | ||
| 005 | 20251005063117.0 | ||
| 007 | t| | ||
| 008 | 071022s1971 sp ||||1| spa d | ||
| 100 | 1 |
_aVázquez, Pura, _d1918-2006 _9113384 |
|
| 245 | 1 | 4 |
_aLos poetas, os convoco _b: poesía / _cPura Vázquez. Cinco poesas : prosa / Dora Vázquez. |
| 260 |
_aOrense : _b[s.n.], _c[1971] ( _fGráf. Tanco) |
||
| 300 |
_a128 p. : _bil. ; _c22 cm. |
||
| 700 | 1 |
_aVázquez, Dora. _9113353 |
|
| 852 |
_aES-MaACL _jC-47485 _bR.77378 |
||
| 999 |
_c149475 _d149475 |
||